| 000 | 00409ntaaa2200169 4500 | ||
|---|---|---|---|
| 003 | 01 | ||
| 005 | 20251027202811.0 | ||
| 008 | 0714s1973 ag 01 | ||
| 040 |
_aAR-BaBN _bspa _cAR-BaBN _eaacr _dRIC |
||
| 082 | _a889.3000 K18u | ||
| 100 |
_aKazantzakis, Niko _928393 |
||
| 245 | _aLa última tentación | ||
| 250 | _a1 ed. | ||
| 260 |
_aBuenos Aires : _bCarlos Lohlé, _c1973 |
||
| 300 | _a526 p | ||
| 942 | _cBK | ||
| 999 |
_c23380 _d23380 |
||